The origin of species : (Record no. 22772)

MARC details
000 -LEADER
fixed length control field 01440cam a2200385 i 4500
001 - CONTROL NUMBER
control field ocn469184388
003 - CONTROL NUMBER IDENTIFIER
control field EG-ScBUE
005 - DATE AND TIME OF LATEST TRANSACTION
control field 20260226092553.0
008 - FIXED-LENGTH DATA ELEMENTS--GENERAL INFORMATION
fixed length control field 091124s2003 nyu3nyuf d f 1 00eng dng d
020 ## - INTERNATIONAL STANDARD BOOK NUMBER
International Standard Book Number 9780451529060 (pbk.)
035 ## - SYSTEM CONTROL NUMBER
System control number (OCoLC)ocn469184388
035 ## - SYSTEM CONTROL NUMBER
System control number (OCoLC)469184388
040 ## - CATALOGING SOURCE
Original cataloging agency GZD
Language of cataloging eng
Description conventions rda
Transcribing agency GZD
Modifying agency GZD
-- EG-ScBUE
082 04 - DEWEY DECIMAL CLASSIFICATION NUMBER
Classification number 575.0162
Item number DAR
Edition number 22
100 1# - MAIN ENTRY--PERSONAL NAME
Personal name Darwin, Charles,
Dates associated with a name 1809-1882,
Relator term author.
240 10 - UNIFORM TITLE
Uniform title <a href="On the origin of species.">On the origin of species.</a>
245 14 - TITLE STATEMENT
Title The origin of species :
Remainder of title by means of natural selection of the preservation of favoured races in the struggle for life /
Statement of responsibility, etc Charles Darwin ; with an introduction by Julian Huxley.
264 #1 - PUBLICATION, DISTRIBUTION, ETC. (IMPRINT)
Place of publication, distribution, etc New York :
Name of publisher, distributor, etc Signet Classics,
Date of publication, distribution, etc 2003.
300 ## - PHYSICAL DESCRIPTION
Extent xxix, 545 pages ;
Dimensions 18 cm
336 ## - CONTENT TYPE
Source rdacontent
Content type term text
Content type code txt
337 ## - MEDIA TYPE
Media type term unmediated
Source rdamedia
Media type code n
338 ## - CARRIER TYPE
Carrier type term volume
Carrier type code nc
Source rdacarrier
500 ## - GENERAL NOTE
General note "First Signet Classics printing ... 2003." -- T.p. verso.
500 ## - GENERAL NOTE
General note "Previously published in a Mentor edition." -- T.p verso.
500 ## - GENERAL NOTE
General note Includes index.<br/>
500 ## - GENERAL NOTE
General note Includes glossary.<br/>
650 #7 - SUBJECT ADDED ENTRY--TOPICAL TERM
Topical term or geographic name as entry element Evolution (Biology)
Source of heading or term BUEsh
650 #7 - SUBJECT ADDED ENTRY--TOPICAL TERM
Topical term or geographic name as entry element Natural selection.
Source of heading or term BUEsh
651 ## - SUBJECT ADDED ENTRY--GEOGRAPHIC NAME
Source of heading or term BUEsh
653 ## - INDEX TERM--UNCONTROLLED
Resource For college Generalities
Arrived date list October2016
655 ## - INDEX TERM--GENRE/FORM
Form subdivision Reading book
9 (RLIN) 34232
700 1# - ADDED ENTRY--PERSONAL NAME
Personal name Darwin, Charles,
Dates associated with a name 1809-1882.
Title of a work On the origin of species.
700 1# - ADDED ENTRY--PERSONAL NAME
Personal name Huxley, Julian,
Relator term author of introduction, etc.
9 (RLIN) 10771
942 ## - ADDED ENTRY ELEMENTS (KOHA)
Source of classification or shelving scheme Dewey Decimal Classification
Koha item type Book - Borrowing
Holdings
Withdrawn status Lost status Source of classification or shelving scheme Damaged status Not for loan Collection code Home library Current library Shelving location Date acquired Source of acquisition Cost, normal purchase price Total Checkouts Total Renewals Full call number Barcode Date last seen Date checked out Koha item type
    Dewey Decimal Classification     Baccah Central Library Central Library First floor 23/10/2016 Purchase 320.00 4 48 575.0162 DAR 000034438 15/07/2025 16/11/2021 Book - Borrowing